1443 1860 1746 1108 1593 1106 1816 1343 1945 1214 1844 1669 1185 1769 1232 1897 1307 1172 1729 1331 1089 1481 1592 1911 1447 1560 1090 1596 1416 1636 1580 1324 1288 1942 1778 1339 1710 1773 1645 1838 1809 1382 1626 1175 1343 1691 1343 1811 1511 1649 1024 1155 1808 1035 1611 1544 1270 1318 1905 1939 1304 1171 1645 1279 1734 1444 1917 1491 1527 1176 1399 1557 1647 1565 1369 1800 1133 1321 1953 1934 1529 1443 1977 1169 1460 1641 1065 1528 1073 1263 1598 1116 1033 1509 1038 1671 1821 1013 1047 BCNSPRNW ULIB Ver.6.0+V

เปลี่ยนเป็นภาษาไทย

Change to English
 แสดงรายละเอียดบรรณานุกรม
  กลับหน้าหลัก

Brief Record : Get Marc (ISO 2709) : E-mail record : QR code < ปิดหน้าต่าง
LEADER : 00000nas 2200000uu 4500
001    13399122791
003     ULIB
008    130926s||||||||th 000 0 tha d
022 0  08992993
110 1  ฝ่ายการพยาบาล โรงพยาบาลมหาราชนครเชียงใหม่ และคณะแพทยศาสตร์ มหาวิทยาลัยเชียงใหม่
245 00 วารสารพยาบาลสวนดอก
310    ^aราย 6 เดือน
700 0  สิริลักษณ์ สลักคำ^eบรรณาธิการ
710 1  คณะแพทยศาสตร์ มหาวิทยาลัยเชียงใหม่
850 ^a ULIB^bปีที่ 18 ฉบับที่ 2 ;ปีที่ 18 ฉบับที่ 1 ;ปีที่ 19 ฉบับที่ 2 ;ปีที่ 20 ฉบับที่ 1 ฉ.1 ;ปีที่ 20 ฉบับที่ 2 ฉ.1 ;ปีที่ 21 ฉบับที่ 2 ฉ.1
945    ^p0^l0^i901607
945    ^p0^l0^i901608
945    ^p0^l0^i902093
945    ^p0^l0^i902468
945    ^p0^l0^i902833
945    ^p0^l0^i903517
999    ^aเกษร โพธิ์สุวรรณ
รายการนี้ยังไม่มีแท็ก
คุณยังไม่ได้ล็อกอิน คุณสามารถมีกิจกรรมร่วมกับเว็บไซต์ได้ แต่ต้องล็อกอินก่อน ::
  ล็อกอิน

รายการสื่อสารสนเทศ (วารสาร)

ดูแบบ: กล่อง รายการ
ARRIVED
ปีที่ 18 ฉบับที่ 1
สถานที่: ห้องสมุดวิทยาเขตสวรรค์ประชารักษ์ >วารสาร
ARRIVED
ปีที่ 18 ฉบับที่ 2
สถานที่: ห้องสมุดวิทยาเขตสวรรค์ประชารักษ์ >วารสาร
ARRIVED
ปีที่ 19 ฉบับที่ 2
สถานที่: ห้องสมุดวิทยาเขตสวรรค์ประชารักษ์ >วารสาร
ARRIVED
ปีที่ 20 ฉบับที่ 1 ฉ.1
สถานที่: ห้องสมุดวิทยาเขตสวรรค์ประชารักษ์ >วารสาร
ARRIVED
ปีที่ 20 ฉบับที่ 2 ฉ.1
สถานที่: ห้องสมุดวิทยาเขตสวรรค์ประชารักษ์ >วารสาร
ARRIVED
ปีที่ 21 ฉบับที่ 2 ฉ.1
สถานที่: ห้องสมุดวิทยาเขตสวรรค์ประชารักษ์ >หนังสือพิมพ์
รายการใกล้เคียง
    ชื่อเรื่อง [วารสารพยาบาลสวนดอก]

BibComment


ยังไม่เคยถูกคอมเมนท์

คอมเมนท์ทรัพยากรรายการนี้
  คอมเมนท์: วารสารพยาบาลสวนดอก


 Copyright 2026. Bcnsprnw @Library